zwycięzcy mistrzostw świata w piłce nożnej - Statystyki

Ogólne statystyki
  • Ten quiz został rozwiązany 123 razy
  • Średni wynik to 17 z 21
Statystyki odpowiedzi
Rok Zwycięzca % Poprawnych
2018 Francja
97%
2014 Niemcy
94%
2010 Hiszpania
93%
1930 Urugwaj
92%
2002 Brazylia
91%
1998 Francja
89%
2006 Włochy
89%
1994 Brazylia
85%
1958 Brazylia
83%
1962 Brazylia
83%
1934 Włochy
82%
1970 Brazylia
80%
1950 Urugwaj
79%
1938 Włochy
78%
1982 Włochy
76%
1986 Argentyna
75%
1966 Anglia
71%
1978 Argentyna
71%
1974 RFN
55%
1990 RFN
54%
1954 RFN
52%
Nie znaleziono quizów pasujących do podanych kryteriów
Rozkład punktacji
Procent ludzi z każdym wynikiem
Percentyl według liczby udzielonych odpowiedzi
Twoja historia wyników
Nie rozwiązałeś tego quizu